LEADER 01047cam0-2200325-i-450- 001 990005069610403321 005 20081120111006.0 035 $a000506961 035 $aFED01000506961 035 $a(Aleph)000506961FED01 035 $a000506961 100 $a19990604d1968----km-y0itay50------ba 101 0 $aeng 102 $aGB 105 $ay-------001yy 200 1 $aFrom Archilochus to Pindar$ePapers on greek literature of the archaic period$fJ. A. Davison$gwith a foreword by W.B. Stanford 210 $aLondon [etc.]$cMacMillan [etc.]$d1968 215 $aXXVII, 346 p.$d23 cm 610 0 $aLetteratura greca$aEtą arcaica 676 $a881.0109 700 1$aDavison,$bJohn Armstrong$0203029 702 1$aStanford,$bWilliam Bedell 801 0$aIT$bUNINA$gRICA$2UNIMARC 901 $aBK 912 $a990005069610403321 952 $aP2B-250-DAVISON J.A.-1968$bIst.Fil.Cl.289$fFLFBC 952 $aP2B-250-DAVISON J.A.-1968 Bis$bBibl. 43357$fFLFBC 959 $aFLFBC 996 $aFrom Archilochus to Pindar$9531882 997 $aUNINA LEADER 01383cam--2200457---450- 001 990003438900203316 005 20110126142649.0 010 $a978-88-430-5404-6 035 $a000343890 035 $aUSA01000343890 035 $a(ALEPH)000343890USA01 035 $a000343890 100 $a20100909d2010----km-y0itay50------ba 101 0 $aita 102 $aIT 105 $a||||||||001yy 200 1 $a<> poeti del Medio Evo$eItalia ed Europa (secoli XII -XIV)$fFranco Suitner 210 $aRoma$cCarocci$d2010 215 $a351 p.$d22 cm 225 2 $aFrecce$v96 410 0$12001$aFrecce 606 0 $aPoesia$zSec. 12.-14.$2BNCF 676 $a809.102 700 1$aSUITNER,$bFranco$0151996 801 0$aIT$bsalbc$gISBD 912 $a990003438900203316 951 $aIII.8.B.74$b9744 DSLL 951 $aVI.1.B. 278$b229705 L.M.$cVI.1.B.$d00295217 959 $aBK 969 $aDSLL 969 $aUMA 979 $aDSLL$b90$c20100909$lUSA01$h1029 979 $aPASSARO$b90$c20110118$lUSA01$h1512 979 $aPASSARO$b90$c20110118$lUSA01$h1515 979 $aPASSARO$b90$c20110118$lUSA01$h1518 979 $aPASSARO$b90$c20110124$lUSA01$h1311 979 $aPASSARO$b90$c20110124$lUSA01$h1311 979 $aPASSARO$b90$c20110126$lUSA01$h1416 979 $aPASSARO$b90$c20110126$lUSA01$h1426 996 $aPoeti del Medio Evo$9255165 997 $aUNISA LEADER 01219nam a2200337 i 4500 001 991003152769707536 005 20020509113050.0 008 980420s1996 ||| ||| | eng 020 $a0714641545 035 $ab11116596-39ule_inst 035 $aPARLA176064$9ExL 040 $aDip.to Scienze Storiche Fil. e Geogr.$bita 082 0 $a327.5604 100 1 $aKent, Marian$0539741 245 14$aThe Great powers and the end of the Ottoman Empire /$cedited by Marian Kent 250 $a2. ed. 260 $aLondon :$bFrank Cass,$cc1996 300 $aX, 237 p. ;$c24 cm. 650 4$aEuropa$xRelazioni estere$y1871-1918 650 4$aEuropa$xRelazioni estere$y1918-1945 650 4$aEuropa$xRelazioni estere - Turchia 650 4$aGrandi potenze 650 4$aQuestione balcanica 650 4$aQuestione orientale 650 4$aTurchia$xRelazioni estere$zEuropa 907 $a.b11116596$b21-09-06$c28-06-02 912 $a991003152769707536 945 $aLE009 Stor. 890-174$g1$i2009000007093$lle009$o-$pE0.00$q-$rl$s- $t0$u0$v0$w0$x0$y.i11253897$z28-06-02 996 $aGreat powers and the end of the Ottoman Empire$9858224 997 $aUNISALENTO 998 $ale009$b01-01-98$cm$da $e-$feng$gxx $h4$i1